Aerodynamics of Essential Aircraft Manoeuvres (Record no. 313681)

000 -LEADER
fixed length control field 00399 a2200169 4500
001 - CONTROL NUMBER
control field 78608
003 - CONTROL NUMBER IDENTIFIER
control field NUST
005 - DATE AND TIME OF LATEST TRANSACTION
control field 20180119125149.0
008 - FIXED-LENGTH DATA ELEMENTS--GENERAL INFORMATION
fixed length control field 180119b xxu||||| |||| 00| 0 eng d
082 ## - DEWEY DECIMAL CLASSIFICATION NUMBER
Classification number 629.13 DOS
100 ## - MAIN ENTRY--PERSONAL NAME
Personal name DOS
9 (RLIN) 9103
245 ## - TITLE STATEMENT
Title Aerodynamics of Essential Aircraft Manoeuvres
Medium English
250 ## - EDITION STATEMENT
Edition statement 1
260 ## - PUBLICATION, DISTRIBUTION, ETC.
Place of publication, distribution, etc. PAF
Name of publisher, distributor, etc. DOS
300 ## - PHYSICAL DESCRIPTION
Extent iv 101
500 ## - GENERAL NOTE
General note Aerospace Reference Books
505 ## - FORMATTED CONTENTS NOTE
Formatted contents note Gifted books
600 ## - SUBJECT ADDED ENTRY--PERSONAL NAME
Personal name Aerodynamics
9 (RLIN) 9104
942 ## - ADDED ENTRY ELEMENTS (KOHA)
Institution code [OBSOLETE] CAENUST
Koha item type Book
Call number prefix 629.13 DOS
Source of classification or shelving scheme
Holdings
Withdrawn status Lost status Damaged status Not for loan Collection code Permanent Location Current Location Date acquired Total Checkouts Full call number Barcode Date last seen Price effective from Koha item type
          College of Aeronautical Engineering (CAE) College of Aeronautical Engineering (CAE) 04/03/2017   629.13 DOS CAEG-7370 04/05/2017 04/05/2017 Book
© 2023 Central Library, National University of Sciences and Technology. All Rights Reserved.